000 00711nam a2200241 4500
003 MX-MxINE
005 20260530113916.0
008 260508b1995 |||a|||| |||| 00| 0 fre d
020 _a2717719393
040 _aICI
_bspa
_cICI
_erda
041 _afre
050 _aZ798.B53
_bA8 1995
100 _eautor
245 _aBibliotheque Nationale de France
_bAu Seuil Du Vingt Et Unieme
264 _aParís, Francia
_bBibliotheque Nationale de France
_c1995
300 _a69 páginas
336 _2rdacontent
_atexto
337 _2rdamedia
_asin medio
338 _2rdacarrier
_avolumen
650 _aBibliotecas nacionales
_zFrancia.
_934100
700 _aCristiane Garaud
_ecord.
_934101
942 _2lcc
_n1
_cBK
999 _c12294
_d12294